000 00286 a2200121 4500
000 nam a22 7a 4500
005 20260206114350.0
020 _a9789381997161
100 _aJayshankar prasad
_91114126
245 _aAajatshatru
260 _bAnanya Prakashan
_c2025
942 _cTEXL
999 _c1678780
_d1678780